Medical geography : progress and prospect /

Bibliographic Details
Other Authors: Pacione, Michael
Format: Book
Language:English
Published: London ; Wolfeboro, N.H. : Croom Helm, [1986]
Subjects:

MARC

Tag First Indicator Second Indicator Subfields
LEADER 00000cam a2200000 a 4500
001 in00000013276
005 20151007052353.0
008 860422s1986 enka b 00100 eng d
010 |a  86011463  
020 |a 0709940041 :  |c $48.25 (U.S.) 
035 |a (OCoLC)13558902 
035 |9 AAA7490AM 
040 |a DNLM/DLC  |c DLC  |d m/c  |d TXA  |d UtOrBLW 
049 |a TXAM  |c [A11463412] 
050 0 0 |a RA792  |b .M43 1986 
060 0 |a WB 700 M4895 
082 0 |a 362.1  |2 19 
245 0 0 |a Medical geography :  |b progress and prospect /  |c edited by Michael Pacione. 
264 1 |a London ;  |a Wolfeboro, N.H. :  |b Croom Helm,  |c [1986] 
264 4 |c ©1986 
300 |a 337 pages :  |b illustrations ;  |c 23 cm. 
336 |a text  |b txt  |2 rdacontent 
337 |a unmediated  |b n  |2 rdamedia 
338 |a volume  |b nc  |2 rdacarrier 
504 |a Includes bibliographies and index. 
650 0 |a Medical geography. 
650 0 |a Epidemiology. 
650 0 |a Medical care  |x Utilization. 
700 1 |a Pacione, Michael. 
999 |a MARS 
999 f f |s 701165c7-a3fb-3d07-bbdf-85b2bed5527a  |i c35d64a8-e5bd-3de7-b339-2d50a6b5d352  |t 0 
952 f f |p ric  |a Texas A&M University  |b Rellis Campus  |c Joint Library Facility  |d Remote Storage  |t 0  |e RA792 .M43 1986  |h Library of Congress classification  |i unmediated -- volume  |m A14811463412 
998 f f |a RA792 .M43 1986  |t 0  |l Remote Storage